| 000 -LEADER |
| fixed length control field |
00819nam a22002537a 4500 |
| 001 - CONTROL NUMBER |
| control field |
22028 |
| 003 - CONTROL NUMBER IDENTIFIER |
| control field |
BD-DhAAL |
| 005 - DATE AND TIME OF LATEST TRANSACTION |
| control field |
20231221143439.0 |
| 008 - FIXED-LENGTH DATA ELEMENTS--GENERAL INFORMATION |
| fixed length control field |
231221b2000 bg |||| |||| 001 0 eng d |
| 020 ## - INTERNATIONAL STANDARD BOOK NUMBER |
| International Standard Book Number |
9840515608 |
| 040 ## - CATALOGING SOURCE |
| Original cataloging agency |
BD-DhAAL |
| Language of cataloging |
eng |
| Transcribing agency |
BD-DhAAL |
| Modifying agency |
BD-DhAAL |
| Description conventions |
BD-DhAAL |
| 082 ## - DEWEY DECIMAL CLASSIFICATION NUMBER |
| Edition number |
21 |
| Classification number |
320.954922 SID |
| 100 ## - MAIN ENTRY--PERSONAL NAME |
| Personal name |
Siddiqui, Kamal . |
| 245 ## - TITLE STATEMENT |
| Title |
Overcoming the governance crisis in Dhaka City / |
| Statement of responsibility, etc. |
Kamal Siddiqui ... [et al.]. |
| 260 ## - PUBLICATION, DISTRIBUTION, ETC. |
| Place of publication, distribution, etc. |
Dhaka : |
| Name of publisher, distributor, etc. |
University Press, |
| Date of publication, distribution, etc. |
2000. |
| 300 ## - PHYSICAL DESCRIPTION |
| Extent |
viii, 272 pages : |
| Other physical details |
maps ; |
| Dimensions |
22 cm. |
| 504 ## - BIBLIOGRAPHY, ETC. NOTE |
| Bibliography, etc. note |
Includes bibliographical references (pages [253]-262) and index. |
| 651 ## - SUBJECT ADDED ENTRY--GEOGRAPHIC NAME |
| Geographic name |
Dhaka (Bangladesh) |
| General subdivision |
Politics and government. |
| 700 ## - ADDED ENTRY--PERSONAL NAME |
| Personal name |
Siddiqui, Kamal. |
| 700 ## - ADDED ENTRY--PERSONAL NAME |
| Personal name |
Ahmed, Jamshed. |
| 700 ## - ADDED ENTRY--PERSONAL NAME |
| Personal name |
Awal, Abdul. |
| 700 ## - ADDED ENTRY--PERSONAL NAME |
| Personal name |
Ahmed, Mushtaque. |
| 942 ## - ADDED ENTRY ELEMENTS (KOHA) |
| Source of classification or shelving scheme |
|
| Koha item type |
Book |